00436 2200181 4500001002100000005001500021035002000036008004100056245004100097100001300138250000600151260003800157300001100195084001400206082000800220650001400228990001200242INLIS00000000000016520240502114300 a0010-0424000141240502 g | ind 1 aSumber Energi Alternatif /cArtiyono aArtiyono a1 aJakarta :bPustaka Batavia,c2011 a60 hlm a600 ART s a600 4aNon Fiksi a0732490